| 000 | 00822cam a2200229 a 4500 | ||
|---|---|---|---|
| 001 | 000006190 | ||
| 005 | 20200929151951.0 | ||
| 008 | 961004s1996 ck b 000 0 spa d | ||
| 040 |
_aDO-SdBNP _cNDD _dAZU _dPL# _dDLC |
||
| 082 |
_aC861.5 _bV152pzH |
||
| 100 | 1 |
_aHernández de Mendoza, Cecilia. _917345 |
|
| 245 | 1 | 3 |
_aLa poesía de Gerardo Valencia / _cCecilia Hernández de Mendoza. |
| 260 |
_aSantafé de Bogotá : _bInstituto Caro y Cuervo, _c1996. |
||
| 300 |
_a140 p. ; _c20 cm. |
||
| 490 | 1 |
_aLa Granada entreabierta ; _vno. 79 |
|
| 504 | _aBibliografías p. [69]-70. | ||
| 600 | 1 | 0 |
_aVALENCIA, GERARDO _xCRÍTICA E INTERPRETACIÓN _917346 |
| 650 | 4 |
_aPoesía colombiana _93742 |
|
| 650 | 4 |
_aLiteratura colombiana _91244 |
|
| 830 | 0 |
_aLa Granada entreabierta ; _vno. 79 _98104 |
|
| 910 | _aCatalogación por copia / LC | ||
| 999 |
_c5985 _d5985 |
||